Pig scheme opening announced (Record no. 66399)

MARC details
000 -LEADER
fixed length control field 00813cam a2200205 4500
001 - CONTROL NUMBER
control field WB3711-38
008 - FIXED-LENGTH DATA ELEMENTS--GENERAL INFORMATION
fixed length control field 000000n2001 000 0 eng u
035 ## - SYSTEM CONTROL NUMBER
System control number (Sirsi) u111442
245 ## - TITLE STATEMENT
Title Pig scheme opening announced
260 ## - PUBLICATION, DISTRIBUTION, ETC.
Date of publication, distribution, etc. 2001
490 ## - SERIES STATEMENT
Series statement MAFF Press Release
Volume/sequential designation (96/01) 14 March 2001, (2)
520 ## - SUMMARY, ETC.
Summary, etc. Agriculture Minister, Nick Brown, has announced that the Pig Industry Development Scheme is now in force. The goverment has also introduced the Pig Welfare (Disposal) Scheme to aid pig producers affected by the movement restriction put in place to control classical swine fever.
590 ## - LOCAL NOTE (RLIN)
Local note WB
650 ## - SUBJECT ADDED ENTRY--TOPICAL TERM
Topical term or geographic name entry element PIG FARMING
650 ## - SUBJECT ADDED ENTRY--TOPICAL TERM
Topical term or geographic name entry element PIG INDUSTRY DEVELOPMENT SCHEME
650 ## - SUBJECT ADDED ENTRY--TOPICAL TERM
Topical term or geographic name entry element PIG WELFARE (DISPOSAL) SCHEME
650 ## - SUBJECT ADDED ENTRY--TOPICAL TERM
Topical term or geographic name entry element PIGS
690 ## - LOCAL SUBJECT ADDED ENTRY--TOPICAL TERM (OCLC, RLIN)
Topical term or geographic name as entry element RURAL-AGRICULTURE AND FORESTRY
942 ## - ADDED ENTRY ELEMENTS (KOHA)
Suppress in OPAC 0
Holdings
Withdrawn status Lost status Source of classification or shelving scheme Damaged status Not for loan Home library Current library Shelving location Date acquired Total Checkouts Full call number Barcode Date last seen Copy number Price effective from Koha item type
    Dewey Decimal Classification     London London News article 15/03/2001   WB3711-38 111442-1001 06/08/2019 1 06/08/2019 News article